| 000 | 01070 a2200205 4500 | ||
|---|---|---|---|
| 001 | 33615 | ||
| 005 | 20260407155627.0 | ||
| 008 | 260407a1970 arg spa d | ||
| 003 | AR-UNSa-BCEJYS | ||
| 040 |
_aAR-UNSa-BCEJYS _bspa _cAR-UNSa-BCEJYS |
||
| 080 |
_a368 _xSeguros. Provisión comunitaria mediante participación en los riesgos |
||
| 245 | 1 | 0 | _aSeguros |
| 264 | 1 |
_aBuenos Aires : _bDepalma _c1970 |
|
| 300 |
_a120 p. _c22 cm. |
||
| 505 | _a1. Concepto, naturaleza, definición, clasificación y elementos del contrato de seguro - 2. La empresa de seguros, control del estado intermediarios - 3. Celebración del contrato de seguro - 4. Obligaciones y cargas del asegurado - 5. Obligaciones del asegurador - 6. El beneficio en el seguro de personas - 7. Interés asegurable - 8. Siniestro - 9. Cesión, prenda, embargo - 10. Recesión, cesión de cartera, quiebra. | ||
| 942 | _cBK | ||
| 590 | _aniveau_biblio:m niveau_hierar:0 | ||
| 100 | 1 | _aHalperin, Isaac | |
| 856 | 4 | 1 |
_uhttps://biblioeco.unsa.edu.ar/pmb/images/libros/L22942.jpg _yImagen de portada _qimage/jpeg |
| 999 |
_c2372 _d2372 |
||